000 00348nam a22001457a 4500
020 _a978-1886106857
041 _aENG
100 _aSombatpanit
245 _aSoil Conservation Extension From Concepts to Adoption
260 _aNew Delhi
_bOxford & Ibh Pub
_c1997
300 _a488
650 _aSWCE
700 _aZobisch .A.M
856 _uSWCE
999 _c380
_d380